[Event "Wch U20 59th"]
[Site "Cala Gonone"]
[Date "2022.10.16"]
[Round "6"]
[White "Raahul, VS."]
[Black "Porcu, Riccardo"]
[Result "1-0"]
[WhiteElo "2333"]
[BlackElo "1759"]
[PlyCount "67"]
[EventDate "2022.10.12"]
[EventType "swiss"]
[EventRounds "11"]
[EventCountry "ITA"]
[SourceTitle "CBM 210 Extra"]
[Source "ChessBase"]
[SourceDate "2022.11.30"]
[SourceVersion "1"]
[SourceVersionDate "2022.11.30"]
[SourceQuality "1"]

1. c4 d6 2. Nc3 e5 3. d4 exd4 4. Qxd4 Nc6 5. Qd2 g6 6. b3 Bg7 7. Bb2 Nge7 8. Nd5 0-0 9. Bxg7 Kxg7 10. Qc3+ f6 11. e4 Nxd5 12. cxd5 Ne5 13. Ne2 Qe7 14. Ng3 c6 15. Be2 h5 16. h4 cxd5 17. exd5 Ng4 18. 0-0 Qe5 19. Qd2 Nh6 20. Bxh5 Qe7 21. Rfe1 Qf7 22. Bf3 Bg4 23. Bxg4 Nxg4 24. Re6 f5 25. h5 gxh5 26. Qg5+ Kh8 27. Rae1 Rg8 28. Qxh5+ Qxh5 29. Nxh5 Rg5 30. Nf4 Ne5 31. Kf1 Rc8 32. Rxd6 Ng4 33. f3 Rc2 34. Rd8+ 1-0